banner-ar

اربعون عاما على الوحدة المصرية السورية 22 - 23 فبراير سنة 1998 / (Record no. 9302)

MARC details
000 -الفاتح
حقل البيانات ثابتة الطول 00957nam a2200217Ia 4500
008 - عناصر البيانات ثابتة الطول - معلومات عامة
حقل البيانات ثابتة الطول 140319s9999 xx 000 0 ara d
020 ## - الرقم الدولى المعيارى للكتب
الرقم الدولى المعيارى للكتاب 5109227977
040 ## - مصدر الفهرسة
وكالة الفهرسة الأصلية GCL /
وكالة النسخ GCL
082 04 - رقم تصنيف ديوى العشرى
رقم التصنيف ق
رقم المادة 962.062
-- ا ا
100 1# - المدخل الرئيسى - إسم شخصى
الإسم الشخصى مجدى حماد
245 10 - بيان العنوان
العنوان اربعون عاما على الوحدة المصرية السورية 22 - 23 فبراير سنة 1998 /
بيان المسئوليه,etc مجدى حماد
700 1# - المدخل الاضافى - اسم شخصى
الإسم الشخصى احمد يوسف احمد
700 1# - المدخل الاضافى - اسم شخصى
الإسم الشخصى احمد يوسف القرعى
260 ## - PUBLICATION, DISTRIBUTION, ETC. (IMPRINT)
تاريخ النشر أو التوزيع 1999
300 ## - الوصف المادى
التعداد 434 ص ؛
أبعاد الوعاء 24 سم
650 04 - المدخل الاضافى بالموضوع-مصطلح موضوعى
مصطلح موضوعي سوريا - تاريخ - العصر الحديث - الوحدة مع مصر(1958- 1961)
650 04 - المدخل الاضافى بالموضوع-مصطلح موضوعى
مصطلح موضوعي مصر - تاريخ - العصر الحديث - الوحدة مع سوريا ( 1958 - 1961 )
650 04 - المدخل الاضافى بالموضوع-مصطلح موضوعى
مصطلح موضوعي مصر - العلاقات الخارجية - سوريا
942 ## - عناصر المدخل الإضافي( كوها)
مصدر التصنيف او مخطط الترفيف Dewey Decimal Classification
Koha [default] item type كتاب
260 ## - PUBLICATION, DISTRIBUTION, ETC. (IMPRINT)
-- القاهرة :
-- مركز الدراسات السياسية والاستراتيجية - الأهرام ،
Holdings
حالة التراجع حالة الفقد حالة تلف ليس للاعارة المكان المؤقت الموقع الحالى تاريخ الاكتساب اجمالي اﻻعارات رقم الطلب الباركود تاريخ اخر مشاهدة تاريخ تفعيل السعر نوع وعاء كوها
        مكتبة القاهرة الكبرى مكتبة القاهرة الكبرى 03/26/2014   ق\962.062\ا ا 19435 03/26/2014 03/26/2014 كتاب
        مكتبة القاهرة الكبرى مكتبة القاهرة الكبرى 03/26/2014   ق\962.062\ا ا 19436 03/26/2014 03/26/2014 كتاب

Powered By

EGPV